Tourism: A Modern Synthesis (Record no. 1267540)

MARC details
000 -LEADER
fixed length control field 00539nam a2200193Ia 4500
005 - DATE AND TIME OF LATEST TRANSACTION
control field 20250317131309.0
008 - FIXED-LENGTH DATA ELEMENTS--GENERAL INFORMATION
fixed length control field 008 250317s9999 xx 000 0 eng d
020 ## - INTERNATIONAL STANDARD BOOK NUMBER
International Standard Book Number 1-86152-640-7
040 ## - CATALOGING SOURCE
Original cataloging agency FMSL
Language of cataloging eng
Transcribing agency FMSL
041 ## - LANGUAGE CODE
Language code of text/sound track or separate title eng
Source of code eng
084 ## - COLON CLASSIFICATION NUMBER
Classification number X9(U8) P1
Assigning agency FMSL
100 ## - MAIN ENTRY--PERSONAL NAME
Personal name Page S J
9 (RLIN) 288886
245 #0 - TITLE STATEMENT
Title Tourism: A Modern Synthesis
260 ## - PUBLICATION, DISTRIBUTION, ETC.
Place of publication, distribution, etc. Italy
Name of publisher, distributor, etc. Italy, Thomson Learning
Date of publication, distribution, etc. 2001
300 ## - PHYSICAL DESCRIPTION
Extent xx,475
942 ## - ADDED ENTRY ELEMENTS (KOHA)
Koha item type Textbook
Classification part X9(U8) P1

No items available.

Copyright @ Delhi University Library System